00608nam a2200205 a 450000100060000000300090000600800410001502000150005604000280007108200090009910000260010824500390013426000380017330000090021159001090022065000270032965000170035694200120037399900170038520365CO-ViMGA141112s2004 ck r 000 u spa d a8466600701 aCO-ViMGAbspacCO-ViMGA04aHAGl1 aHague, Michael92940310aEl libro de las hadas para niños aBarcelona : bEdiciones B, c2001 a125p aForma de adquisición : Premio Min Cultura - - Precio : 29250 - - Fecha de adquisición : Febrero 200514aCUENTOS DE HADAS9578014aHADAS929404 2ddccBK c29371d29371